Biggest cities by population starting with F - Statistics

General Stats
  • This quiz has been taken 35 times
  • The average score is 4 of 7
Answer Stats
Population Country Answer % Correct
2,400,000 Brazil Fortaleza
94%
2,506,600 Pakistan Faisalabad
87%
1,392,300 Japan Fukuoka
81%
1,179,700 China Fuzhou
74%
3,600,000 China Foshan
48%
1,220,200 India Faridabad
10%
1,400,600 China Fushun
6%
No matching quizzes found
Score Distribution
Percent of People with Each Score
Percentile by Number Answered
Your Score History
You have not taken this quiz